Florinda no tiene coronita /
Guardado en:
| Autor Principal: | |
|---|---|
| Otros Autores: | |
| Formato: | Libro |
| Idioma: | Undetermined |
| Publicado: |
Madrid :
SM,
2014.
|
| Series: | El barco de vapor ;
5 |
| Materias: | |
| Etiquetas: |
Agregar Etiqueta
Sin Etiquetas, Sea el primero en etiquetar este registro!
|
| LEADER | 00671nam a22002055a 4500 | ||
|---|---|---|---|
| 001 | CEM.cems019809 | ||
| 008 | 221026s2014####sp############000#0#und#d | ||
| 005 | 20221027091410.0 | ||
| 245 | 1 | 0 | |a Florinda no tiene coronita / |c Mercedes Pérez Sabbi; ilustrador Sabina Álvarez Schurmann. |
| 260 | |a Madrid : |b SM, |c 2014. | ||
| 300 | |a 120 p. ; |c 19 cm. | ||
| 490 | 1 | |a El barco de vapor ; |v 5 | |
| 020 | |a 9789877311082 | ||
| 100 | 1 | |a Pérez Sabbi, Mercedes. | |
| 700 | 1 | |a Álvarez Schurmann, Sabina; il. | |
| 082 | 0 | 4 | |a A863.4 |
| 653 | |a Literatura Infantil | ||
| 653 | |a Literatura Juvenil | ||
| 653 | |a Novela | ||
| 859 | |a CEMS |b BIB. CEMS - Inicial y Primaria |h A863.4 |i P415-1 |k IP |p 5483 |t Ej.1 | ||
